So you think you know country music - Statistics

General Stats
  • This quiz has been taken 1,461 times
  • The average score is 7 of 15
Answer Stats
Hint Answer % Correct
Ring of Fire Johnny Cash
90%
Boys 'Round Here Blake Shelton
80%
Two Black Cadillacs Carrie Underwood
71%
Pontoon Little Big Town
66%
Mama's Broken Heart Miranda Lambert
66%
Devil Went Down to Georgia Charlie Daniels Band
62%
I Want Crazy Hunter Hayes
52%
1994 Jason Aldean
52%
Beat This Summer Brad Paisley
40%
Take a Backroad Rodney Atkins
36%
Love you This Big Scotty McCreery
23%
Blowin' Smoke Kacey Musgraves
22%
Hush Hush Pistol Annies
19%
Somebody's Chelsea Reba McEntire
12%
18 Inches Lauren Alaina
9%
No matching quizzes found
Score Distribution
Percent of People with Each Score
Percentile by Number Answered
Your Score History
You have not taken this quiz